[Event "Foxwoods op 14th"]
[Site "Ledyard"]
[Date "2022.04.14"]
[Round "2"]
[White "Finegold, Benjamin"]
[Black "Adury, Anant"]
[Result "1/2-1/2"]
[WhiteElo "2446"]
[BlackElo "1979"]
[PlyCount "63"]
[EventDate "2022.04.13"]
[EventType "swiss"]
[EventRounds "9"]
[EventCountry "USA"]
[SourceTitle "CBM 207 Extra"]
[Source "ChessBase"]
[SourceDate "2022.05.31"]
[SourceVersion "1"]
[SourceVersionDate "2022.05.31"]
[SourceQuality "1"]

1. d4 d5 2. c4 e6 3. Nc3 Nf6 4. Bg5 Be7 5. e3 h6 6. Bxf6 Bxf6 7. Nf3 0-0 8. Rc1 c6 9. Bd3 Nd7 10. 0-0 dxc4 11. Bxc4 e5 12. h3 exd4 13. exd4 Nb6 14. Bb3 Bf5 15. Re1 Re8 16. Rxe8+ Qxe8 17. Qd2 Qd7 18. Re1 Re8 19. Rxe8+ Qxe8 20. Qf4 Bg6 21. Ne5 Bxe5 22. dxe5 Nd7 23. e6 Nf8 24. exf7+ Bxf7 25. Bxf7+ Qxf7 26. Qa4 a6 27. g3 Nd7 28. Kg2 Nf6 29. Qd4 Kh7 30. Qd3+ Kg8 31. Qd8+ Kh7 32. Qd3+ 1/2-1/2

[Event "US op Irwin 121st"]
[Site "Cherry Hill"]
[Date "2021.08.01"]
[Round "2"]
[White "Eckert, Doug D"]
[Black "Finegold, Benjamin"]
[Result "1-0"]
[WhiteElo "2172"]
[BlackElo "2462"]
[PlyCount "51"]
[EventDate "2021.07.31"]
[EventType "swiss"]
[EventRounds "6"]
[EventCountry "USA"]
[SourceTitle "EXT 2022"]
[Source "ChessBase"]
[SourceDate "2021.10.06"]
[SourceVersion "1"]
[SourceVersionDate "2021.10.06"]
[SourceQuality "1"]

1. d4 Nf6 2. c4 c5 3. d5 e5 4. Nc3 d6 5. e4 Be7 6. g3 0-0 7. Bg2 Ne8 8. Nge2 g6 9. Bh6 Ng7 10. Qd2 Nd7 11. 0-0 f5 12. exf5 gxf5 13. f4 Nf6 14. h3 Kh8 15. fxe5 dxe5 16. Rad1 Bd6 17. Nb5 Rg8 18. Bg5 a6 19. Nxd6 Qxd6 20. g4 Nfe8 21. Ng3 fxg4 22. h4 Qd7 23. Qc3 Qd6 24. Rde1 h6 25. Bd2 Nf6 26. Rxe5 1-0

[Event "World op 49th"]
[Site "Philadelphia"]
[Date "2021.07.04"]
[Round "7"]
[White "Finegold, Benjamin"]
[Black "Xiong, Jeffery"]
[Result "0-1"]
[WhiteElo "2466"]
[BlackElo "2709"]
[PlyCount "65"]
[EventDate "2021.07.01"]
[EventType "swiss"]
[EventRounds "9"]
[EventCountry "USA"]
[SourceTitle "EXT 2022"]
[Source "ChessBase"]
[SourceDate "2021.10.06"]
[SourceVersion "1"]
[SourceVersionDate "2021.10.06"]
[SourceQuality "1"]

1. d4 g6 2. e4 Bg7 3. c4 d6 4. Nc3 e5 5. dxe5 dxe5 6. Qxd8+ Kxd8 7. Bg5+ f6 8. Rd1+ Nd7 9. Bc1 Bh6 10. Nge2 Bxc1 11. Nxc1 c6 12. g3 Ke7 13. Bh3 h5 14. 0-0 h4 15. Kg2 Nh6 16. Nd3 Nf8 17. Bxc8 Rxc8 18. h3 Nf7 19. b4 Ne6 20. b5 Nd6 21. bxc6 bxc6 22. c5 Nc4 23. Rb1 Rc7 24. Rb4 Rd7 25. Rxc4 Rxd3 26. Rb1 hxg3 27. Rb7+ Kf8 28. Ne2 gxf2 29. Ra4 Rhxh3 30. Rb8+ Kg7 31. Rxa7+ Kh6 32. Rh8+ Kg5 33. Rxh3 0-1

[Event "World op 49th"]
[Site "Philadelphia"]
[Date "2021.07.03"]
[Round "4"]
[White "Finegold, Benjamin"]
[Black "Aaron, Deepak"]
[Result "1-0"]
[WhiteElo "2466"]
[BlackElo "2262"]
[PlyCount "93"]
[EventDate "2021.07.01"]
[EventType "swiss"]
[EventRounds "9"]
[EventCountry "USA"]
[SourceTitle "EXT 2022"]
[Source "ChessBase"]
[SourceDate "2021.10.06"]
[SourceVersion "1"]
[SourceVersionDate "2021.10.06"]
[SourceQuality "1"]

1. d4 e6 2. Nf3 f5 3. Bg5 Be7 4. Bxe7 Qxe7 5. Nbd2 Nf6 6. e3 0-0 7. Bd3 d6 8. e4 e5 9. dxe5 dxe5 10. Qe2 f4 11. 0-0-0 Nc6 12. Bb5 Nd4 13. Nxd4 exd4 14. Qc4+ Kh8 15. Qxd4 c5 16. Qc3 a6 17. Bc4 b5 18. Bd5 Rb8 19. Nb3 c4 20. Nd4 Bd7 21. f3 Rfc8 22. Nf5 Bxf5 23. exf5 b4 24. Qe1 Qc5 25. Be6 Rc6 26. Kb1 c3 27. b3 Qa5 28. Rd4 h6 29. Qc1 Rd8 30. Rhd1 Rxd4 31. Rxd4 Qe5 32. Qd1 Kh7 33. g4 fxg3 34. hxg3 Qxg3 35. Bf7 Rc8 36. a3 Qc7 37. Bg6+ Kh8 38. axb4 Qe7 39. Ka2 Ra8 40. Qd3 a5 41. b5 a4 42. bxa4 Nd5 43. Qe4 Qc5 44. Rxd5 Rxa4+ 45. Qxa4 Qxd5+ 46. Ka3 Qxf3 47. Qa6 1-0

[Event "World op 49th"]
[Site "Philadelphia"]
[Date "2021.07.03"]
[Round "5"]
[White "Finegold, Benjamin"]
[Black "Gledura, Benjamin"]
[Result "0-1"]
[WhiteElo "2466"]
[BlackElo "2629"]
[PlyCount "88"]
[EventDate "2021.07.01"]
[EventType "swiss"]
[EventRounds "9"]
[EventCountry "USA"]
[SourceTitle "EXT 2022"]
[Source "ChessBase"]
[SourceDate "2021.10.06"]
[SourceVersion "1"]
[SourceVersionDate "2021.10.06"]
[SourceQuality "1"]

1. d4 Nf6 2. Nf3 g6 3. c4 Bg7 4. Nc3 d5 5. e3 0-0 6. Bd2 b6 7. cxd5 Nxd5 8. Bc4 Bb7 9. 0-0 e6 10. Qe2 a6 11. Rac1 Nd7 12. e4 Nxc3 13. Bxc3 c5 14. d5 exd5 15. Bxd5 Bxd5 16. exd5 Re8 17. Qd3 b5 18. b3 Rc8 19. Bxg7 Kxg7 20. a4 Qb6 21. axb5 axb5 22. Qc3+ Nf6 23. Rfd1 Kg8 24. h3 Red8 25. Qe5 Rd6 26. Ng5 Re8 27. Qf4 Kg7 28. Re1 Rxe1+ 29. Rxe1 h6 30. Ne4 Rxd5 31. Nxf6 Qxf6 32. Qb8 Rd2 33. Qg3 Qd4 34. Re3 c4 35. bxc4 bxc4 36. Kh2 Rd3 37. Qe5+ Qxe5+ 38. Rxe5 Kf6 39. Rc5 c3 40. f3 Ke6 41. Kg3 Kd6 42. Rc8 Ke5 43. Kf2 Kd4 44. Ke1 Rd2 0-1

[Event "Titled Tuesday intern op 09th Mar"]
[Site "Chess.com INT"]
[Date "2021.03.09"]
[Round "4"]
[White "Finegold, Benjamin"]
[Black "Demidov, Mikhail"]
[Result "1-0"]
[WhiteElo "2476"]
[BlackElo "2523"]
[PlyCount "141"]
[EventDate "2021.03.09"]
[EventType "swiss (blitz)"]
[EventRounds "11"]
[EventCountry "USA"]
[SourceTitle "CBM 201 Extra"]
[Source "ChessBase"]
[SourceDate "2021.05.31"]
[SourceVersion "1"]
[SourceVersionDate "2021.05.31"]
[SourceQuality "1"]

1. d4 g6 2. c4 Bg7 3. e4 Nc6 4. d5 Nd4 5. Nc3 c5 6. Be3 e5 7. dxe6 dxe6 8. Nge2 Ne7 9. Qd2 Nec6 10. f3 0-0 11. Rd1 Qe7 12. Nb5 Rd8 13. Nexd4 cxd4 14. Bg5 f6 15. Bh4 e5 16. Bd3 Be6 17. 0-0 a6 18. Na3 Qb4 19. Qe2 Rac8 20. Bg3 g5 21. h4 h6 22. hxg5 hxg5 23. Nc2 Qxb2 24. Rb1 Qxa2 25. Ra1 Qb3 26. Rfb1 Qc3 27. Be1 Qxa1 28. Rxa1 Rd7 29. Rb1 Bf8 30. Nb4 Nxb4 31. Bxb4 Bg7 32. Ba3 Bf7 33. Rb6 Rdc7 34. Bd6 Rc6 35. Rxc6 Rxc6 36. c5 Bf8 37. Bxf8 Kxf8 38. Qb2 Rxc5 39. Qxb7 a5 40. Qb6 Rc3 41. Bb5 Kg7 42. Qxa5 Rb3 43. Qa6 Rb4 44. Kh2 Kg6 45. Kg3 Kg7 46. Kg4 Kg6 47. Kg3 Kg7 48. Bd3 Kg6 49. Qd6 Rb3 50. Ba6 Rb2 51. Bc8 Kg7 52. Bf5 Rb7 53. Be6 Bg6 54. Qd8 Bf7 55. Bxf7 Rxf7 56. Kg4 Kg6 57. Qg8+ Rg7 58. Qe8+ Rf7 59. g3 Kg7 60. Kf5 d3 61. Qd8 g4 62. Qxd3 gxf3 63. Qxf3 Kf8 64. Qh5 Ke7 65. Qg6 Rf8 66. g4 Rf7 67. Qg8 Rf8 68. Qe6+ Kd8 69. Qd6+ Ke8 70. Ke6 Rf7 71. Qb8# 1-0

[Event "Titled Tuesday intern op 09th Mar"]
[Site "Chess.com INT"]
[Date "2021.03.09"]
[Round "10"]
[White "Finegold, Benjamin"]
[Black "Indjic, Aleksandar"]
[Result "0-1"]
[WhiteElo "2476"]
[BlackElo "2607"]
[PlyCount "118"]
[EventDate "2021.03.09"]
[EventType "swiss (blitz)"]
[EventRounds "11"]
[EventCountry "USA"]
[SourceTitle "CBM 201 Extra"]
[Source "ChessBase"]
[SourceDate "2021.05.31"]
[SourceVersion "1"]
[SourceVersionDate "2021.05.31"]
[SourceQuality "1"]

1. d4 Nf6 2. c4 c5 3. d5 e6 4. Nf3 d6 5. Nc3 exd5 6. cxd5 g6 7. h3 Bg7 8. e4 0-0 9. Bd3 Re8 10. 0-0 Nbd7 11. Re1 Ne5 12. Nxe5 Rxe5 13. Bf4 Nh5 14. Bh2 Qh4 15. Re3 Rg5 16. Kf1 Be5 17. Bxe5 Rxe5 18. Be2 Nf4 19. Bg4 h5 20. g3 Bxg4 21. gxh4 Bxd1 22. Rxd1 c4 23. Rd4 f5 24. exf5 Rxf5 25. Rxc4 Raf8 26. Rc7 R8f7 27. Rxf7 Kxf7 28. Ne4 Kg7 29. Rf3 Nxd5 30. Rxf5 gxf5 31. Nxd6 Kf6 32. Nxb7 Ke5 33. Na5 a6 34. Ke2 Ke4 35. f3+ Kf4 36. Nc6 Kg3 37. Nd4 f4 38. a3 Kxh3 39. Kf2 Kxh4 40. b4 Ne3 41. Ne6 Nc2 42. Nxf4 Nxa3 43. Ke3 Kg5 44. Nh3+ Kf5 45. Kd3 Nb5 46. Kc4 Ke5 47. Kc5 Nc3 48. Kb6 Na2 49. Ka5 Kf5 50. Ka4 Ke5 51. Kb3 Nc1+ 52. Ka4 Ne2 53. Ka5 Nf4 54. Nf2 Nd5 55. Nh3 Kd4 56. Kxa6 Nxb4+ 57. Kb6 Nd3 58. Kc6 Ke5 59. Kb5 Nf4 0-1

[Event "Titled Tuesday intern op 09th Mar"]
[Site "Chess.com INT"]
[Date "2021.03.09"]
[Round "7"]
[White "Finegold, Benjamin"]
[Black "Le Goff, Ronan"]
[Result "0-1"]
[WhiteElo "2476"]
[BlackElo "2288"]
[PlyCount "94"]
[EventDate "2021.03.09"]
[EventType "swiss (blitz)"]
[EventRounds "11"]
[EventCountry "USA"]
[SourceTitle "CBM 201 Extra"]
[Source "ChessBase"]
[SourceDate "2021.05.31"]
[SourceVersion "1"]
[SourceVersionDate "2021.05.31"]
[SourceQuality "1"]

1. d4 Nf6 2. c4 e6 3. Nc3 Bb4 4. Qc2 0-0 5. Nf3 d5 6. cxd5 exd5 7. Bg5 h6 8. Bh4 c6 9. e3 Nbd7 10. Bd3 Re8 11. 0-0-0 Qa5 12. g4 Bxc3 13. bxc3 Ne4 14. Bxe4 dxe4 15. Nd2 Nb6 16. g5 hxg5 17. Bg3 Be6 18. h4 Bxa2 19. hxg5 Bc4 20. Nxc4 Nxc4 21. Qb3 b5 22. Kc2 Qd8 23. g6 fxg6 24. Rh4 Qd5 25. Rdh1 g5 26. Rh5 a5 27. Bf4 a4 28. Qb4 c5 29. dxc5 Qd2+ 30. Kb1 gxf4 31. c6 Qd3+ 32. Ka1 Qc2 33. c7 Qb3 34. Rh8+ Kf7 35. R8h4 Qxb4 36. Rxf4+ Ke7 37. cxb4 Rec8 38. Rxe4+ Kd7 39. Rh7 Kxc7 40. Rxg7+ Kc6 41. Re6+ Kd5 42. Rf6 Rf8 43. Rg5+ Ke4 44. Re6+ Kd3 45. f4 Kc3 46. Rxb5 Rad8 47. Rc5 Kb3 0-1

[Event "Titled Tuesday intern op 09th Mar"]
[Site "Chess.com INT"]
[Date "2021.03.09"]
[Round "8"]
[White "Finegold, Benjamin"]
[Black "Senthil, Maran K"]
[Result "1-0"]
[WhiteElo "2476"]
[BlackElo "2246"]
[PlyCount "71"]
[EventDate "2021.03.09"]
[EventType "swiss (blitz)"]
[EventRounds "11"]
[EventCountry "USA"]
[SourceTitle "CBM 201 Extra"]
[Source "ChessBase"]
[SourceDate "2021.05.31"]
[SourceVersion "1"]
[SourceVersionDate "2021.05.31"]
[SourceQuality "1"]

1. d4 Nf6 2. c4 c6 3. Nc3 d5 4. Nf3 e6 5. Bg5 dxc4 6. e4 b5 7. e5 h6 8. Bh4 g5 9. exf6 gxh4 10. Ne5 Qxf6 11. a4 Bb4 12. Be2 Bb7 13. Bf3 a6 14. 0-0 0-0 15. Ne4 Qg7 16. axb5 axb5 17. Rxa8 Bxa8 18. Qa1 f6 19. Ng4 f5 20. Nef6+ Kh8 21. Qxa8 fxg4 22. Nxg4 h3 23. Ra1 Bd6 24. Ra7 Rf7 25. Rxf7 Qxf7 26. Bxc6 Qf4 27. gxh3 h5 28. Ne3 Qxd4 29. Be4 Qe5 30. Qb7 Qxh2+ 31. Kf1 Qxh3+ 32. Ke2 Kg8 33. Qh7+ Kf8 34. Bg6 Qg4+ 35. Nxg4 hxg4 36. Qf7# 1-0

[Event "Titled Tuesday intern op 09th Mar"]
[Site "Chess.com INT"]
[Date "2021.03.09"]
[Round "2"]
[White "Nemeth Junior, Henrique"]
[Black "Finegold, Benjamin"]
[Result "0-1"]
[WhiteElo "1959"]
[BlackElo "2476"]
[PlyCount "70"]
[EventDate "2021.03.09"]
[EventType "swiss (blitz)"]
[EventRounds "11"]
[EventCountry "USA"]
[SourceTitle "CBM 201 Extra"]
[Source "ChessBase"]
[SourceDate "2021.05.31"]
[SourceVersion "1"]
[SourceVersionDate "2021.05.31"]
[SourceQuality "1"]

1. e4 c5 2. Nc3 Nc6 3. g3 h5 4. h3 h4 5. g4 e5 6. Bg2 Nge7 7. d3 Ng6 8. Nge2 Be7 9. Nd5 0-0 10. c3 Bg5 11. 0-0 d6 12. f4 exf4 13. Bxf4 Nxf4 14. Nexf4 Be6 15. Ne3 g6 16. Kh1 Qd7 17. d4 cxd4 18. cxd4 Rac8 19. d5 Ne5 20. dxe6 fxe6 21. Nd3 Rxf1+ 22. Bxf1 Qf7 23. Nxe5 dxe5 24. Nc4 Qf2 25. Qe2 Qg3 26. Qg2 Qf4 27. Be2 b5 28. Rf1 Qg3 29. Qxg3 hxg3 30. Nxe5 Rc2 31. Re1 Bd2 32. Rd1 Bf4 33. Nxg6 Be3 34. Rd3 Rxe2 35. Ne5 Rh2# 0-1

[Event "Titled Tuesday intern op 19th May"]
[Site "Chess.com INT"]
[Date "2020.05.19"]
[Round "7"]
[White "Finegold, Benjamin"]
[Black "Mendonca, Leon Luke"]
[Result "0-1"]
[WhiteElo "2476"]
[BlackElo "2452"]
[PlyCount "114"]
[EventDate "2020.05.19"]
[EventType "swiss (blitz)"]
[EventRounds "10"]
[EventCountry "USA"]
[SourceTitle "EXT 2021"]
[Source "ChessBase"]
[SourceDate "2020.10.23"]
[SourceVersion "1"]
[SourceVersionDate "2020.10.23"]
[SourceQuality "1"]

1. d4 Nf6 2. c4 e6 3. Nc3 Bb4 4. Qc2 0-0 5. Nf3 b6 6. e4 d5 7. e5 Ne4 8. Bd3 c5 9. Bxe4 dxe4 10. Qxe4 cxd4 11. a3 Bxc3+ 12. bxc3 Qc7 13. Qxa8 Nc6 14. cxd4 Ba6 15. Qxf8+ Kxf8 16. 0-0 Bxc4 17. Re1 Bd5 18. Be3 h6 19. Nd2 Qb7 20. Rec1 Kg8 21. Nc4 Bxc4 22. Rxc4 Ne7 23. Rac1 Nd5 24. Rc8+ Kh7 25. h3 Qa6 26. Rf8 Qxa3 27. Rcc8 Kg6 28. Rfd8 a5 29. Rd7 a4 30. Ra8 b5 31. Raa7 Nxe3 32. fxe3 Qxe3+ 33. Kh1 Qc1+ 34. Kh2 Qf4+ 35. Kh1 h5 36. d5 exd5 37. e6 Qf1+ 38. Kh2 Qf4+ 39. Kh1 Qc1+ 40. Kh2 fxe6 41. Rxg7+ Kf6 42. Raf7+ Ke5 43. Rh7 a3 44. Rxh5+ Kd6 45. Rhh7 a2 46. Rd7+ Ke5 47. Rh5+ Kf6 48. Ra7 a1Q 49. Rxa1 Qxa1 50. h4 b4 51. Rh8 b3 52. h5 b2 53. h6 b1Q 54. Rf8+ Ke7 55. Rf3 Qh1+ 56. Kg3 Qe5+ 57. Rf4 Qxh6 0-1

[Event "Titled Tuesday intern op 7th April"]
[Site "Chess.com INT"]
[Date "2020.04.07"]
[Round "9"]
[White "Galaktionov, Artem"]
[Black "Finegold, Benjamin"]
[Result "1-0"]
[WhiteElo "2319"]
[BlackElo "2476"]
[PlyCount "129"]
[EventDate "2020.04.07"]
[EventType "swiss (blitz)"]
[EventRounds "10"]
[EventCountry "USA"]
[SourceTitle "EXT 2021"]
[Source "ChessBase"]
[SourceDate "2020.10.23"]
[SourceVersion "1"]
[SourceVersionDate "2020.10.23"]
[SourceQuality "1"]

1. d4 Nf6 2. Nf3 c5 3. d5 d6 4. c4 e5 5. g3 Be7 6. Bg2 Nbd7 7. 0-0 Nf8 8. Nc3 Ng6 9. Ne1 a6 10. a4 h5 11. f4 exf4 12. gxf4 h4 13. e4 h3 14. Bf3 Rh4 15. Nd3 Bg4 16. e5 Bxf3 17. Qxf3 Ng4 18. e6 f5 19. Bd2 Bf6 20. a5 Bd4+ 21. Kh1 Qf6 22. Ne2 Rh6 23. Rab1 Nh4 24. Qg3 Rg6 25. Bc3 Ne3 26. Qxe3 Bxe3 27. Bxf6 gxf6 28. Ng3 0-0-0 29. b4 cxb4 30. Rxb4 Rdg8 31. c5 dxc5 32. Rc4 Rd8 33. Nxc5 Rxd5 34. e7 Rg8 35. Nce4+ Kb8 36. Nxf6 Re8 37. Nxd5 Bd2 38. Rd1 Bxa5 39. Nh5 Ng6 40. Nhf6 Rxe7 41. Nxe7 Nxe7 42. Rd7 Ng6 43. Nd5 Nh4 44. Ra4 Be1 45. Ra1 Bf2 46. Rb1 b5 47. Rd1 Nf3 48. Ne7 Nd4 49. R1xd4 Bxd4 50. Rxd4 Kc7 51. Nxf5 Kb6 52. Ne3 Ka5 53. f5 b4 54. f6 b3 55. f7 b2 56. Nc4+ Kb4 57. Nxb2+ Kc3 58. Rf4 a5 59. f8Q a4 60. Qc5+ Kb3 61. Rf3+ Ka2 62. Qc4+ Ka1 63. Rf1+ Kxb2 64. Rf2+ Ka3 65. Qc3# 1-0

[Event "Foxwoods op 13th"]
[Site "Ledyard"]
[Date "2019.04.20"]
[Round "6"]
[White "Finegold, Benjamin"]
[Black "Cervantes Landeiro, Thalia"]
[Result "1-0"]
[WhiteElo "2487"]
[BlackElo "2235"]
[PlyCount "95"]
[EventDate "2019.04.17"]
[EventType "swiss"]
[EventRounds "9"]
[EventCountry "USA"]
[SourceTitle "CBM 189 Extra"]
[Source "ChessBase"]
[SourceDate "2019.06.03"]
[SourceVersion "1"]
[SourceVersionDate "2019.06.03"]
[SourceQuality "1"]

1. e4 e5 2. Nf3 Nc6 3. c4 Nf6 4. Nc3 Bc5 5. Nxe5 Nxe5 6. d4 Bb4 7. dxe5 Nxe4 8. Qg4 Nxc3 9. Bd2 Bf8 10. Bxc3 d6 11. Qg3 dxe5 12. Bd3 Qe7 13. 0-0-0 g6 14. Bxe5 Bh6+ 15. Kb1 0-0 16. h4 Bg4 17. f3 Be6 18. h5 Qg5 19. hxg6 fxg6 20. Qh2 Rad8 21. f4 Qh5 22. Qxh5 gxh5 23. Rxh5 Bf5 24. Bxf5 Rxd1+ 25. Kc2 Rxf5 26. Rxf5 Rg1 27. Bxc7 Rxg2+ 28. Kc3 Rf2 29. Be5 a6 30. Kd3 Bf8 31. Ke4 Rd2 32. a3 h6 33. Bc3 Rd7 34. Rd5 Rc7 35. Kd3 Bg7 36. Be5 Bxe5 37. fxe5 Kf7 38. Rd6 Rc6 39. b4 h5 40. c5 Ke7 41. Ke4 h4 42. Kf3 Rc8 43. Rh6 Rg8 44. Rxh4 Ke6 45. Ke4 Rg3 46. Rh6+ Kd7 47. Rb6 Kc7 48. a4 1-0

[Event "PRO League KO Stage"]
[Site "Chess.com INT"]
[Date "2017.03.26"]
[Round "5.3"]
[White "Finegold, Benjamin"]
[Black "Mihajlov, Sebastian"]
[Result "1-0"]
[WhiteElo "2481"]
[BlackElo "2346"]
[PlyCount "115"]
[EventDate "2017.03.01"]
[EventType "team-k.o. (rapid)"]
[EventRounds "5"]
[EventCountry "USA"]
[SourceTitle "CBM 177 Extra"]
[Source "ChessBase"]
[SourceDate "2017.04.27"]
[SourceVersion "1"]
[SourceVersionDate "2017.04.27"]
[SourceQuality "1"]
[WhiteTeam "St Louis Arch Bishops"]
[BlackTeam "Norway Gnomes"]
[WhiteTeamCountry "USA"]
[BlackTeamCountry "NOR"]

1. d4 d5 2. c4 c6 3. Nf3 Nf6 4. g3 g6 5. Bg2 Bg7 6. cxd5 cxd5 7. Nc3 0-0 8. 0-0 Nc6 9. Ne5 Ng4 10. Nxc6 bxc6 11. h3 Nh6 12. Bxh6 Bxh6 13. e3 Rb8 14. Na4 Qd6 15. Rc1 Bd7 16. b3 e5 17. dxe5 Qxe5 18. Nc5 Bf5 19. g4 Bc8 20. Qd3 f5 21. g5 Bg7 22. f4 Qe7 23. a3 a5 24. Rc2 Kh8 25. Kh1 Re8 26. Re1 Rb5 27. Rec1 Qxe3 28. Qxe3 Rxe3 29. Bf1 Rb6 30. Nd3 Bd7 31. b4 axb4 32. Nxb4 d4 33. Nd3 Be6 34. Kg1 Bd5 35. a4 Rb3 36. Rd2 h6 37. h4 hxg5 38. hxg5 Rc3 39. Rb1 c5 40. Rb8+ Bf8 41. Rxf8+ Kg7 42. Rd8 Be4 43. Ne5 Rg3+ 44. Kf2 Ra3 45. Rd7+ Kf8 46. Nxg6+ Ke8 47. Ne5 Raf3+ 48. Ke1 Re3+ 49. Re2 Ra3 50. Rb2 Rge3+ 51. Kf2 Rf3+ 52. Kg1 Rg3+ 53. Kh2 Rgb3 54. Rxb3 Rxb3 55. Bc4 Rb2+ 56. Kh3 Bc6 57. Rc7 Bxa4 58. g6 1-0

[Event "PRO League KO Stage"]
[Site "Chess.com INT"]
[Date "2017.03.25"]
[Round "4.2"]
[White "Caruana, Fabiano"]
[Black "Finegold, Benjamin"]
[Result "1-0"]
[WhiteElo "2817"]
[BlackElo "2481"]
[PlyCount "51"]
[EventDate "2017.03.01"]
[EventType "team-k.o. (rapid)"]
[EventRounds "5"]
[EventCountry "USA"]
[SourceTitle "CBM 177 Extra"]
[Source "ChessBase"]
[SourceDate "2017.04.27"]
[SourceVersion "1"]
[SourceVersionDate "2017.04.27"]
[SourceQuality "1"]
[WhiteTeam "Montreal ChessBrahs"]
[BlackTeam "St Louis Arch Bishops"]
[WhiteTeamCountry "CAN"]
[BlackTeamCountry "USA"]

1. e4 e5 2. Nf3 Nc6 3. Bb5 Nf6 4. d3 d6 5. 0-0 Bd7 6. Re1 g6 7. d4 Bg7 8. d5 Ne7 9. Bxd7+ Nxd7 10. Be3 0-0 11. c4 h6 12. Nfd2 f5 13. f3 g5 14. Nc3 fxe4 15. fxe4 Ng6 16. g3 Nf6 17. Rf1 Qd7 18. Kg2 Ng4 19. Bg1 h5 20. Nf3 h4 21. Nxg5 Bh6 22. Ne6 Rxf1 23. Qxf1 Qh7 24. Qf3 Nxh2 25. Bxh2 hxg3 26. Bxg3 1-0